000
00335 a2200121 4500
001
ART_30322
005
20260410161604.0
008
260409a
245
1
0
_a
Activos fijos
100
1
_a
Priotto, Hugo C.
700
1
_a
Werbin, Eliana M.
773
0
_t
Profesional & Empresaria
_g
- Año XVI, Nº 190 (jul. 2015)
_w
REV70
999
_c
9986
_d
9986